Trabajo marítimo, relevo generacional y mujer /

-д хадгалсан:
Номзүйн дэлгэрэнгүй
Бусад зохиолчид: Vicente Palacio, María Arántzazu (coordinadora.), Albiol Cumba, Manuel (autor.), Gómez Ruiz, Miguel Ángel (autor.), Arrufat, Alberto (autor.), Peris Dupont, Silvia (autora.)
Формат: Цахим ном
Хэл сонгох:испани
Хэвлэсэн: Pamplona : Aranzadi (LA LEY Soluciones Legales S.A.), 2023.
Цуврал:Estudios.
Нөхцлүүд:
Онлайн хандалт:https://elibro.unach.elogim.com/es/lc/unach/titulos/289769
Шошгууд: Шошго нэмэх
Шошго байхгүй, Энэхүү баримтыг шошголох эхний хүн болох!

MARC

LEADER 00000nam a2200000 i 4500
001 ELB289769
003 FINmELB
005 20251204210900.0
006 m o d |
007 cr cnu||||||||
008 251125s2023 sp o 001 0 spa d
017 |a NA-92-2023  |b España 
020 |a 9788411240956  |q (e-book) 
020 |a 9788411240963  |q (print) 
035 |a (OCoLC)1564683345 
040 |a FINmELB  |b spa  |e rda  |c FINmELB 
050 4 |a HD8039.S45  |b T73 2023 
080 |a 331.5:331.109.2:331.4(26)(082) 
082 0 4 |a 331.762  |2 23 
245 0 0 |a Trabajo marítimo, relevo generacional y mujer /  |c María Arántzazu Vicente Palacio (coordinadora) ; Manuel Albiol Cumba, Miguel Ángel Gómez Ruiz, Alberto Arrufat, Silvia Peris Dupont, Xosé Manuel Carril Vázquez, Sara Recatalá Chordá, Olga Fotinopoulou Basurko, José Vicente Ródenas Enrique, Cristina Gil Pérez, Francisco Sacacia Bernat, Zulima Gómez García, Rafael Simó Sancho, Arantzazu Vicente Palacio. 
264 1 |a Pamplona :  |b Aranzadi (LA LEY Soluciones Legales S.A.),  |c 2023. 
300 |a 1 recurso en línea (267 páginas) 
336 |a texto  |b txt  |2 rdacontent/spa 
337 |a computadora  |b c  |2 rdamedia/spa 
338 |a recurso en línea  |b cr  |2 rdacarrier/spa 
490 1 |a Estudios 
500 |a Incluye índice. 
588 |a Descripción basada en metadatos suministrados por el editor y otras fuentes. 
590 |a Recurso electrónico. Santa Fe, Arg.: elibro, 2025. Disponible vía World Wide Web. El acceso puede estar limitado para las bibliotecas afiliadas a elibro. 
610 2 4 |a Instituto Social de la Marina. 
610 2 4 |a Puertos del Estado (España) 
610 2 4 |a UGT (España) 
610 2 4 |a CC.OO (España) 
650 4 |a Mujeres  |x Trabajo marítimo  |z España. 
650 4 |a Pesca  |x Aspectos laborales  |z España. 
650 4 |a Relevo generacional  |x Sector pesquero. 
651 4 |a Castellón (España)  |x Condiciones laborales marítimas. 
655 4 |a Libros electrónicos. 
700 1 |a Vicente Palacio, María Arántzazu,  |e coordinadora. 
700 1 |a Albiol Cumba, Manuel,  |e autor. 
700 1 |a Gómez Ruiz, Miguel Ángel,  |e autor. 
700 1 |a Arrufat, Alberto,  |e autor. 
700 1 |a Peris Dupont, Silvia,  |e autora. 
797 2 |a elibro, Corp. 
830 0 |a Estudios. 
856 4 0 |u https://elibro.unach.elogim.com/es/lc/unach/titulos/289769